Pierce The Veil - Southern Constellations Lyrics - Statistics

General Stats
  • This quiz has been taken 11 times
  • The average score is 40 of 42
Answer Stats
Answer % Correct
are
100%
but
100%
but
100%
chasing
100%
cold
100%
constellations
100%
dizzy
100%
got
100%
I
100%
It's
100%
keep
100%
me
100%
me
100%
me
100%
me
100%
Please
100%
so
100%
southern
100%
that
100%
warm
100%
with
100%
you
100%
you
100%
you
100%
you
100%
Your
100%
Before
89%
frozen
89%
frozen)
89%
get
89%
home
89%
I'll
89%
let
89%
never
89%
pretend
89%
you're
89%
(You're
89%
freeze
78%
nearly
78%
no
78%
Oh,
78%
without
78%
No matching quizzes found
Score Distribution
Percent of People with Each Score
Percentile by Number Answered
Your Score History
You have not taken this quiz